| 000 | 00339pam a2200133 a 4500 | ||
|---|---|---|---|
| 020 | _c | ||
| 041 | _h | ||
| 082 |
_a751.422 _bBEL |
||
| 100 | _aDavid Bellamys . | ||
| 245 |
_aDavicl Bellamys Complete Guide to waterColour Painting _hTextual Documents |
||
| 260 |
_a[s.l]: _bSearch Press , _c2014. |
||
| 300 |
_a128: _bpaper. |
||
| 930 | _a7444 | ||
| 999 |
_c241234 _d241234 |
||